Principles and methods of plant molecular biology, biochemistry and genetics by Pratibha Devi (Record no. 1209274)

MARC details
000 -LEADER
fixed length control field 01111nam a2200301Ia 4500
003 - CONTROL NUMBER IDENTIFIER
control field OSt
005 - DATE AND TIME OF LATEST TRANSACTION
control field 20221007121734.0
008 - FIXED-LENGTH DATA ELEMENTS--GENERAL INFORMATION
fixed length control field 221006b |||||||| |||| 00| 0 eng d
037 ## - SOURCE OF ACQUISITION
Terms of availability Textual
040 ## - CATALOGING SOURCE
Original cataloging agency BDL
Transcribing agency BDL
Language of cataloging eng
041 ## - LANGUAGE CODE
Source of code eng
Language code of text/sound track or separate title eng
100 ## - MAIN ENTRY--PERSONAL NAME
Personal name Pratibha Devi
9 (RLIN) 712834
245 #0 - TITLE STATEMENT
Title Principles and methods of plant molecular biology, biochemistry and genetics by Pratibha Devi
Remainder of title Devi Pratibha
260 ## - PUBLICATION, DISTRIBUTION, ETC.
Place of publication, distribution, etc. Jodhpur
Name of publisher, distributor, etc. Agrobios (India)
Date of publication, distribution, etc. 2000
300 ## - PHYSICAL DESCRIPTION
Extent 253p
Dimensions cm.
500 ## - GENERAL NOTE
General note Includes bibliographical refereces; Appendix 1-5, 235-253p; ^n23/CSL/Carb/99-2000/926^d2000-03-26^mPurchase; ; 99-2000/446^b2000-03-21^c195/99^d2000-03-16^eRs.896.00^fN R Book Distributors; ; 2000-03-28^c2000-04-05^dSK^r2000-05-16
650 ## - SUBJECT ADDED ENTRY--TOPICAL TERM
Topical term or geographic name entry element Biochemistry
650 ## - SUBJECT ADDED ENTRY--TOPICAL TERM
Topical term or geographic name entry element Cell
9 (RLIN) 650605
650 ## - SUBJECT ADDED ENTRY--TOPICAL TERM
Topical term or geographic name entry element Botany
700 ## - ADDED ENTRY--PERSONAL NAME
Personal name Devi Pratibha
9 (RLIN) 712835
942 ## - ADDED ENTRY ELEMENTS (KOHA)
Classification part I,11:(E9G), P0
Koha item type Textual
Source of classification or shelving scheme Colon Classification (CC)
Holdings
Withdrawn status Lost status Source of classification or shelving scheme Damaged status Not for loan Home library Current library Date acquired Source of acquisition Total Checkouts Full call number Barcode Date last seen Price effective from Koha item type
    Colon Classification (CC)     Department of Botany Library Department of Botany Library 2022-10-07 N R,   I,11:(E9G) P0 BD0004647 2022-10-07 2022-10-07 Textual
Copyright @ Delhi University Library System